00398pab a2200133 454500008004000000100002200040245008600062260000900148300001500157362001200172650002800184700001900212773003300231180718b2004 xxu||||| |||| 00| 0 eng d aHerman, Robert D. aDoing things right: effectiveness in local nonprofit organizations, a panel study c2004 ap.694-704. aNov-Dec aNonprofit organizations aRenz, David O. aPublic Administration Review